00416nam a22001217a 4500008004100000020001800041082001400059100001900073245009300092260004100185300001900226650004900245171026b xxu||||| |||| 00| 0 eng d a0-8213-4456-0 a338.9 GIB aThe World Bank aNongoernmental Organizations in World BankbSupported Projects cThe World BankhEnglish aWashington DCbThe World Bank c1999 a65pbillc27cm 2Nongovernmental Organizations in World Bank